|
|
|
|
| LEADER |
01048ncm a2200301 a 4500 |
| 001 |
000373450 |
| 003 |
CZ BrMZK |
| 005 |
20021029135827.0 |
| 008 |
010907s1998 xr f cze d |
| 015 |
|
|
|a cnb000816865
|
| 024 |
2 |
|
|a M260001527
|
| 028 |
0 |
3 |
|a H 4738
|b Editio Praga
|
| 040 |
|
|
|a BOA001
|b cze
|
| 080 |
|
|
|a 786.2.085
|2 MRF
|
| 100 |
1 |
|
|a Jírovec, Vojtěch Matyáš,
|d 1763-1850
|7 jk01051938
|4 cmp
|
| 245 |
1 |
0 |
|a 12 valčíků pro klavír
|h [hudebnina] /
|c Vojtěch Jírovec ; revize Věra Müllerová
|
| 250 |
|
|
|a 2. vyd.
|
| 260 |
|
|
|a Praha :
|b Editio Praga,
|c 1998
|
| 300 |
|
|
|a 10 s. ;
|c 31 cm
|
| 490 |
1 |
|
|a Musica Viva Historica ;
|v 59
|
| 500 |
|
|
|a Text též něm.
|
| 653 |
0 |
|
|a klavírní stylizované tance
|a klavírní valčíky
|
| 700 |
1 |
|
|a Müllerová, Věra,
|d 1958-
|7 jo20000075515
|4 adp
|
| 830 |
|
0 |
|a Musica Viva Historica
|
| 910 |
|
|
|a BOA001
|b Mus4-1065.249
|
| 964 |
|
|
|a Klavír
|x tance stylizované
|x HUD
|
| 990 |
|
|
|a MU
|
| 996 |
6 |
|
|b 2610104118
|c Mus4-1065.249
|l MZK
|r Sklad / do 1 hodiny
|n 1
|p p.v.
|w 000373450
|u 000010
|a 1
|e BOA001
|j MZK50
|s P
|